Responses for Show #3828 - Wednesday, April 4, 2001

Ryan Moore game 1.

Contestants

[<< previous game]

Ryan Moore, a dot-com start-up partner from Venice, California

Steve Gelder, a stand-up comedian from Raleigh, North Carolina

Jessica Raine, a graduate student from Brookline, Massachusetts

[next game >>]

Jeopardy! Round responses

EUROPEAN GEOGRAPHY
ANNUAL EVENTS
DUETS
WORD SMITHS
WHATSITS, DOOHICKEYS, THINGAMABOBS
"PIN" ME
    $100 5
Danube

Jessica
    $100 21
(J: What is August 14?)

December 7

JessicaRyan
    $100 1
Paul McCartney

Steve
    $100 10
Jeff Smith

Jessica
    $100 14
Thread

Steve
    $100 26
Pinocchio

Steve
    $200 7
(R: What is Mount Etna?)

Mount Vesuvius

Ryan
Triple Stumper
    $200 22
Watermelon

Steve
    $200 2
Elton John

Jessica
    $200 11
Liz Smith

Ryan
    $200 15
Elbow

Jessica
    $200 27
Pina Colada

Ryan
    $300 8
(S: What is Poland?)

Finland

Steve
Triple Stumper
    $300 23
Frogs

Steve
    $500 3
(J: Who is Hank Williams, Jr.?)

Roy Rogers

Jessica
    $300 13
Joseph Smith

Steve
    $300 16
(R: What is a compass?)

Sundial

Ryan
Triple Stumper
    $300 28
Augusto Pinochet

Ryan
    $400 9
Bavarian Alps

Triple Stumper
    $400 24
(with a minute to go...)

Grandparents

Jessica
    $400 4
Beauty and the Beast

Ryan
    $400 19
Zadie Smith

Triple Stumper
    $400 17
Cylinder

Triple Stumper
    $400 29
Lt. Pinkerton

Jessica
    $500 12
Tallinn

Ryan
    $500 25
(R: What is the Kentucky Derby?)
(Alex: Preakness is second, Kentucky Derby is first)

Preakness Stakes

SteveRyan
    $500 6
(R: Who was Dyan Cannon?)

Vonda Shepard

JessicaRyan
    $500 20
Adam Smith

Ryan
    $500 18
Hod

Jessica
    $500 30
(Alex: They do not have temples to them.)

Pince-nez

Triple Stumper

Scores at the first commercial break (after clue 13):

Jessica Steve Ryan
$400 $100 $400

Scores at the end of the Jeopardy! Round:

Jessica Steve Ryan
$1,800 $1,300 $700

Double Jeopardy! Round responses

SCIENCE
FEATURE FILM DEBUTS
NOTORIOUS FACES
HEADQUARTER CITIES
WHERE THERE'S A WILL
THERE'S A "WAY"
    $200 26
light

Jessica
    $200 20
Risky Business

Ryan
    $200 1
Lizzie Borden

Jessica
    $200 7
New York City

Steve
    $200 6
Orson Welles

Ryan
    $200 12
the Wayans Brothers

Steve
    $400 27
(Ryan: What are the niblets?)

kernels

SteveRyan
    $400 21
Forrest Gump

Steve
    $400 2
Gary Gilmore

Steve
    $400 17
(Steve: What is Minneapolis?)

St. Paul

JessicaSteve
    $400 8
Howard Hughes

Jessica
    $400 13
wayward

Jessica
    $600 28
scurvy

Jessica
    $600 22
Gary Busey

Jessica
    $600 3
Ma Barker

Steve
    $200 18
Hartford

Jessica
    $500 9
(Jessica: Who is Franklin Delano Roosevelt?)
(Alex: FDR died in 1945.)

Calvin Coolidge

Jessica
    $600 14
Wayne

Ryan
    $800 29
Werner Heisenberg

Ryan
    $800 23
Christina Ricci

Steve
    $800 4
Leopold & Loeb

Ryan
    $800 19
Pittsburgh

Triple Stumper
    $800 10
Bob Fosse

Jessica
    $800 15
wayfarers

Jessica
    $1000 30
(Jessica: Who was Einstein?)

Dmitri Mendeleev

Jessica
Triple Stumper
    $1000 24
(Jessica: Who is Jane Seymour?)

Lady Jane Grey

JessicaRyan
    $1000 5
Carlos "The Jackal"

Steve
    $1000 25
(Alex: We have a minute left in the round.)

Rochester, New York

Jessica
    $1000 11
Anna Nicole Smith

Steve
    $1000 16
Ways and Means

Ryan

Scores at the end of the Double Jeopardy! Round:

Jessica Steve Ryan
$4,900 $5,900 $4,900

[wagering suggestions for these scores]

Final Jeopardy! Round responses

HISTORIC PEOPLE
JessicaWho is Khruschev?
$1,200
RyanWho is Yuri Gagarin?
$4,900
SteveWho is Lenin?
$3,901
Yuri Gagarin (first man in space)

Final scores:

Jessica Steve Ryan
$3,700 $1,999 $9,800
2nd place: a Caribbean cruise on Carnival Cruise Lines 3rd place: a Novica.com shopping spree New champion: $9,800

Game dynamics:

Coryat scores:

Jessica Steve Ryan
$6,300 $5,900 $4,900
19 R
(including 1 DD),
5 W
(including 2 DDs)
16 R,
2 W
14 R,
5 W

Combined Coryat: $17,100

[game clues] [game scores] [suggest correction]

Game tape date: 2000-12-13
The J! Archive is created by fans, for fans. Scraping, republication, monetization, and malicious use prohibited; this site may use cookies and collect identifying information. See terms. The Jeopardy! game show and all elements thereof, including but not limited to copyright and trademark thereto, are the property of Jeopardy Productions, Inc. and are protected under law. This website is not affiliated with, sponsored by, or operated by Jeopardy Productions, Inc. Join the discussion at JBoard.tv.